| 000 -LEADER |
| fixed length control field |
01427cam a2200337 i 4500 |
| 001 - CONTROL NUMBER |
| control field |
17370422 |
| 003 - CONTROL NUMBER IDENTIFIER |
| control field |
NUST - PNEC |
| 005 - DATE AND TIME OF LATEST TRANSACTION |
| control field |
20170116181201.0 |
| 008 - FIXED-LENGTH DATA ELEMENTS--GENERAL INFORMATION |
| fixed length control field |
120702t20122012maua b 001 0 eng |
| 010 ## - LIBRARY OF CONGRESS CONTROL NUMBER |
| LC control number |
2012019109 |
| 020 ## - INTERNATIONAL STANDARD BOOK NUMBER |
| International Standard Book Number |
9789382291510 |
| 020 ## - INTERNATIONAL STANDARD BOOK NUMBER |
| International Standard Book Number |
9780123973375 (alk. paper) |
| 040 ## - CATALOGING SOURCE |
| Original cataloging agency |
DLC |
| Language of cataloging |
eng |
| Transcribing agency |
LIBRARY |
| Description conventions |
rda |
| Modifying agency |
DLC |
| 042 ## - AUTHENTICATION CODE |
| Authentication code |
pcc |
| 050 00 - LIBRARY OF CONGRESS CALL NUMBER |
| Classification number |
QA76.6 |
| Item number |
.H5244 2012 |
| 082 00 - DEWEY DECIMAL CLASSIFICATION NUMBER |
| Classification number |
005.434 HER |
| Edition number |
23 |
| 100 1# - MAIN ENTRY--PERSONAL NAME |
| Personal name |
Herlihy, Maurice, |
| Relator term |
author. |
| 245 14 - TITLE STATEMENT |
| Title |
The art of multiprocessor programming / |
| Statement of responsibility, etc. |
Maurice Herlihy, Nir Shavit. |
| 250 ## - EDITION STATEMENT |
| Edition statement |
Revised first edition. |
| 260 ## - PUBLICATION, DISTRIBUTION, ETC. |
| Place of publication, distribution, etc. |
Amsterdam: |
| Name of publisher, distributor, etc. |
Morgan Kaufmann; |
| Date of publication, distribution, etc. |
c2012. |
| 300 ## - PHYSICAL DESCRIPTION |
| Extent |
xxiv, 508 pages : |
| Other physical details |
illustrations ; |
| Dimensions |
24 cm |
| 504 ## - BIBLIOGRAPHY, ETC. NOTE |
| Bibliography, etc. note |
Includes bibliographical references (pages 483-493) and index. |
| 650 #0 - SUBJECT ADDED ENTRY--TOPICAL TERM |
| Topical term or geographic name entry element |
Multiprogramming (Electronic computers) |
| General subdivision |
MIS |
| 650 #0 - SUBJECT ADDED ENTRY--TOPICAL TERM |
| Topical term or geographic name entry element |
Multiprocessors. |
| 700 1# - ADDED ENTRY--PERSONAL NAME |
| Personal name |
Shavit, Nir, |
| Dates associated with a name |
1959- |
| Relator term |
author. |
| 775 0# - OTHER EDITION ENTRY |
| Main entry heading |
Herlihy, Maurice. |
| Title |
Art of multiprocessor programming |
| Place, publisher, and date of publication |
Amsterdam : Elsevier/Morgan Kaufmann, 2008 |
| Physical description |
xx, 508 p. : ill. ; 24 cm. |
| Record control number |
(DLC) 2008273906 |
| 856 ## - ELECTRONIC LOCATION AND ACCESS |
| Uniform Resource Identifier |
<a href="http://www.amazon.com/Art-Multiprocessor-Programming-Revised-Reprint/dp/0123973376/ref=sr_1_1?s=books&ie=UTF8&qid=1455527378&sr=1-1&keywords=9780123973375">http://www.amazon.com/Art-Multiprocessor-Programming-Revised-Reprint/dp/0123973376/ref=sr_1_1?s=books&ie=UTF8&qid=1455527378&sr=1-1&keywords=9780123973375</a> |
| 906 ## - LOCAL DATA ELEMENT F, LDF (RLIN) |
| a |
7 |
| b |
cbc |
| c |
orignew |
| d |
1 |
| e |
ecip |
| f |
20 |
| g |
y-gencatlg |
| 942 ## - ADDED ENTRY ELEMENTS (KOHA) |
| Source of classification or shelving scheme |
|
| Koha item type |
Book |